| 000 | 01008nam a2200265 i 4500 | ||
|---|---|---|---|
| 001 | 12963 | ||
| 003 | ES-MaACL | ||
| 005 | 20241023120056.0 | ||
| 007 | t| | ||
| 008 | 940722s1993 sp ||||0| spa j | ||
| 020 | _a84-482-0168-X | ||
| 080 | _a946.031.3 V. "1936/39"(093.3) | ||
| 100 | 1 |
_aPérez Verdú, Francisco. _991199 |
|
| 245 | 1 | 0 |
_aCuando Valencia fue capital de España / _cFrancisco Pérez Verdú ; con un prólogo de José Prat y un epílogo de Ramón Serrano Suñer. |
| 260 |
_aValència : _bConselleria de Cultura, _c1993. |
||
| 300 |
_a267, [52] p. ; _c22 cm. |
||
| 490 | 1 |
_aCollecció Homenatges ; _v29 |
|
| 651 | 4 |
_aValencia- _xHistoria- _y1936-1939- _vRelatos personales. _9155349 |
|
| 700 | 1 |
_aPrat, José, _d1905-1994 _993665 |
|
| 700 | 1 |
_aSerrano Suñer, Ramón, _d1901-2003 _9105805 |
|
| 710 | 1 |
_aComunidad Valenciana. _bConsejería de Cultura . _9155350 |
|
| 830 | 0 |
_aCollecció Homenatges ; _v29 _9226870 |
|
| 852 |
_aES-MaACL _jL-20298 |
||
| 999 |
_c12963 _d12963 |
||